Devine le joueur de football selon ses clubs #2 - Statistiques

Statistiques générales
  • Ce quiz a été pris 497 fois
  • Le résultat moyen est 7 sur 10
Statistiques - réponses
1er club 2ème club 3ème club Joueur % Correct
Bordeaux Séville FC Barcelone Koundé
86%
Olympique lyonnais Real Bétis Al Jazira Club Fékir
80%
Bordeaux AS Monaco Real Madrid Tchouaméni
80%
SM Caen AS Monaco Atlético de Madrid Lemar
77%
Delfino Pescara PSG Al-Arabi SC Verratti
72%
Palmeiras Manchester City Arsenal FC Jésus
71%
Schalke 04 Manchester city Bayern Sané
64%
Dinamo Zagreb RB Leipzig FC Barcelone Olmo
63%
Bayern Munich Bayer Leverkusen Real Madrid Kroos
61%
FC Barcelone Bayern Liverpool FC Thiago
53%
Aucun quiz correspondant
Distribution des résultats
% des personnes avec chaque résultat
Percentile par nombre de réponses
Votre historique - résultats
Vous n’avez pas pris ce quiz